Catálogo público

Normal view MARC view

Entry Término temático

Number of records used in: 4

001 - NÚMERO DE CONTROL

  • campo de control: 190262

003 - IDENTIFICADOR DEL NÚMERO DE CONTROL

  • campo de control: CHAP

005 - FECHA Y HORA DE LA ÚLTIMA TRANSACCIÓN

  • campo de control: 20250423101500.0

008 - DATOS DE LONGITUD FIJA

  • campo de control de longitud fija: 250423|| acd||babn | a|a d

040 ## - FUENTE DE LA CATALOGACIÓN

  • Centro catalogador/agencia de origen: Z
  • Centro/agencia transcriptor: CHAP

150 1# - ENCABEZAMIENTO--TÉRMINO DE MATERIA

  • Término de materia o nombre geográfico como elemento de entrada: Nutrición de las aves de corral

670 ## - FUENTE DE DATOS ENCONTRADOS

  • Cita de la fuente: Shimada Miyasaka, Armando. Nutrición animal. 4a edición, 2018